000 00970nam0a2200301 4500
001 RU\NLR\BIBL_A\011653195
005 20250626103742.0
010 _a5-297-00791-7
_92000
035 _a(NLR Aleph) 011653195
090 _a11139794
_c11139794
100 _a20180307d1994 |||y0rusy50 ca
101 0 _aava
102 _aRU
105 _aca z 000gy
181 0 _ai
_baxxe
182 0 _an
200 1 _aРокьул ирс
_fМахIмуд-Апанди
203 _aТекст
_bвизуальный
_cнепосредственный
210 _aМахачкала
_cДаг. кн. изд-во
_d1994
215 _a175 с.
_cпортр., ил.
_d20
541 1 _6z01790
_aНаследие любви
_zrus
686 1 _aШ6(2=Ав)7-5
700 0 _aМахIмуд-Апанди
_f1951-2021
790 0 _6z01541
_aМагомед-Апанди
_g1951-2021
_4070
852 _aNLR
_bОНЛ
_jАвар./2-1293
942 _cBOOK
980 _aNB